| 000 | 00525nam a22001697a 4500 | ||
|---|---|---|---|
| 999 |
_c9146 _d9146 |
||
| 008 | 210325b ||||| |||| 00| 0 eng d | ||
| 040 | _aBMS College of Architecture | ||
| 100 | _aChowdhary, RajaniGandha | ||
| 245 | _aSchool of planning and Architecture : Madurai | ||
| 300 | _aNA | ||
| 500 | _a1BM05AT034 | ||
| 502 |
_8B.Arch _NBMS College of Architecture, Visvesvaraya Technological University _aProject report _d2010 |
||
| 650 | _aMadurai | ||
| 700 |
_aK Manjula _eGuide |
||
| 700 |
_aPushpa D _eGuide |
||
| 942 |
_2ddc _cTHE |
||